000 00706cam a2200229 4500
001 J118706
008 000000n2001 000 0 eng u
035 _a(Sirsi) u118706
050 _a346.410438
100 _aHodge, D.
245 _a26th anniversary series Blundell lectures : topical issues in property law - The principle of caveat emptor : should it be allowed to survive?
260 _aLondon
_bLaw Society
_c2001
300 _f1
_nv.
_a[various pagings]
_c30cm.
350 _a25.00
490 _aBlundell Lectures
650 _aCAVEAT EMPTOR
650 _aPROPERTY SALES
650 _aPROPERTY TRANSACTIONS
690 _aPROPERTY LAW AND PRACTICE
700 _aBarnes, M.
942 _n0
999 _c102163
_d102163